• 首页
  • 本馆介绍
  • 公告通知
  • 最新文献
  • 馆藏检索
  • 电子资源
  • 读者导购
  • 参考咨询
  • 我的图书馆
  • 登录
  • 详细信息显示
  • 放入我的书架
  • 预约/预借图书
  • 作者相关作品
  • 分类相关作品
  • 丛书相关作品
  • 出版社相关作品

书目信息

  • 表格格式
  • 工作单格式
  • 卡片格式
题名:
河蟹养殖技术
    
 
作者: 许步劭 , 何林岗 编著
分册:  
出版信息: 北京   金盾出版社  1987.04
页数: 121页
开本: 19cm
丛书名:
单 册:
中图分类: S966.16
科图分类:
主题词: 水产养殖--技术
电子资源:
ISBN: 7-80022-010-9
000 00601nam0 2200205 450
001 0734933754
005 20071127094902.30
010    @a7-80022-010-9@dCNY2.00
100    @a20071127d1987 km y0chiy0120 ea
101 0  @achi
102    @aCN@b110000
200 1  @a河蟹养殖技术@Ahe xie yang zhi ji shu@f许步劭,何林岗编著@Fxu bu shao,he lin gang bian zhu
210    @a北京@c金盾出版社@d1987.04
215    @a121页@d19cm
606 0  @a水产养殖@x技术
690    @aS966.16@v4
701  0 @a许步劭@Axu bu shao@4编著
701  0 @a何林岗@Ahe lin gang@4编著
801  0 @aCN@bPFT@c20071127
905    @aBZT@dS966.16@e32
    
    河蟹养殖技术/许步劭,何林岗编著.-北京:金盾出版社,1987.04
    121页;19cm
    
    
    ISBN 7-80022-010-9:CNY2.00
    
●
相关链接 在五车中查询图书 在当当中查询图书 在豆瓣中查询图书


正题名:河蟹养殖技术     索取号:S966.16/32         预约/预借

序号 登录号 条形码 馆藏地/架位号 状态 备注
1 057592   200846068   中心书库中库/ 中库031架A面7列7层98/ [索取号:S966.16/32] 在馆    
2 057593   200846095   中心书库中库/ 中库031架A面7列7层99/ [索取号:S966.16/32] 在馆    
3 057594   200846086   中心书库中库/ 中库031架A面7列7层94/ [索取号:S966.16/32] 在馆    
4 057595   200846111   中心书库中库/ 中库031架A面7列7层91/ [索取号:S966.16/32] 在馆    
5 057596   200846102   中心书库中库/ 中库031架A面7列7层90/ [索取号:S966.16/32] 在馆    
6 057597   200846139   中心书库中库/ 中库031架A面7列7层92/ [索取号:S966.16/32] 在馆    
7 057598   200846120   中心书库中库/ 中库031架A面7列7层93/ [索取号:S966.16/32] 在馆    
8 057599   200846157   中心书库中库/ 中库031架A面7列7层95/ [索取号:S966.16/32] 在馆    
9 057600   200846148   中心书库中库/ 中库031架A面7列6层85/ [索取号:S966.16/32] 在馆    
10 057601   200846175   中心书库中库/ 中库031架A面7列6层86/ [索取号:S966.16/32] 在馆    
山东省滨州职业学院图书馆 欢迎您!
大连网信软件有限公司© 版权所有